| 000 | 00778nam a2200229 a 4500 | ||
|---|---|---|---|
| 001 | 68227 | ||
| 003 | BD-RjUL | ||
| 005 | 20211209081738.0 | ||
| 008 | 170401r19661962nyub | 001 0 eng d | ||
| 035 | _a(BD-RjUL)68437 | ||
| 040 |
_aDLC _cOAkU _dOCoLC _dUk _d(BD-RjUL) _dDLC _beng |
||
| 041 | _aeng | ||
| 082 |
_223 _a620.0044 _bCEI 1966 |
||
| 100 | 1 |
_aCerni, R. H. _q(Richard H.) _9202260 |
|
| 245 | 1 | 0 |
_aInstrumentation for engineering measurement / _cR. H. Cerni and L. E. Foster. |
| 260 |
_aNew York : _bJohn Wiley & Sons, Inc., _c1966 |
||
| 300 |
_axii, 456 p. : _bill. ; _c24 cm. |
||
| 504 | _aIncludes Bibliographical references and index. | ||
| 650 | 0 |
_aEngineering instruments. _9160825 |
|
| 700 | 1 |
_aFoster, L. E. _q(Leroy Edward), _ejoint author. _9202261 |
|
| 942 |
_2ddc _cBK |
||
| 999 |
_c68227 _d68227 |
||